=LDR 00000nam 2200000 4500 =001 INLIS000000000011807 =005 20200529072555 =035 ##$$a 0010-061300000011807 =008 200529################g##########0#ind## =041 ##$$a Ind =082 ##$$a 2x3 541 =090 ##$$a 2x3 541, Bai d =100 ##$$a Baihaqy, Ahmad =245 1#$$a Delapan rahasia pembuka pintu surga /$c Drs.Ahmad Baihaqy =260 ##$$a Surabaya :$b Putra Pelajar,$c 2002 =300 ##$$a 220 hlm ; $c 19 x 14 cm =650 #4$$a Surga =850 ##$$a NBPNMAT =084 ##$$a 2x3 541 BAI d =990 ##$$a 10401093 =990 ##$$a 10401094 =990 ##$$a 10401095 =990 ##$$a 10401096